000 00978nam a22002537a 4500
005 20170123164146.0
010 _aB-029024
020 _c225.00
_a8187654783
035 _aB-029024
037 _bCen Lib / Ret
040 _aDPL
_bPN
082 _a
_bਪਰਗ
100 _aਪਰਗਟ ਸਿੰਘ ਪੰਜਾਬੀ
_943626
245 _aਗੰਧਰਵ :
_cਪਰਗਟ ਸਿੰਘ ਪੰਜਾਬੀ
_bਨਾਵਲ /
246 _aGandharav : a novel of musicians
_bby Pargat Singh Punjabi
260 _aਦਿੱਲੀ
_bਮਨਪ੍ਰੀਤ ਪ੍ਰਕਾਸ਼ਨ
_c2000
270 _a16/16 ੧ਸਤ ਤਲ ਗੀਤਾ ਕਾਲੋਨੀ
_bਦਿੱਲੀ
_e110031
300 _a175p.
_c21cm(Hb)
650 _aਸਾਹਿਤ -- ਪੰਜਾਬੀ
_9121820
650 _aਪੰਜਾਬੀ -- ਨਾਵਲ
_9121821
650 _aLiterature -- Punjabi
_9114104
650 _aPunjabi Literature-Novel
_91580
942 _2ddc
_cPN
_h
_mਪਰਗ
999 _c109985
_d109985